000 00683nam a2200289Ia 4500
005 20260324115159.0
008 008 260324s9999 xx 000 0 eng d
020 _a9780429351457
037 _aEBOOK
040 _aCRL
040 _beng
040 _cCRL
041 _2eng
041 _aeng
084 _qCRL
100 _aSidney Perkowitz
_91151524
245 0 _aReal Scientists Don’t Wear Ties
245 0 _bWhen Science Meets Culture
260 _bTaylor and Francis
260 _c2019
365 _a
365 _b47.99
856 _uhttp://www.taylorfrancis.com/books/9780429351457
942 _cEBOOK
999 _c1744363
_d1744363